<?xml version="1.0" encoding="UTF-8"?>
<record
    xmlns:xsi="http://www.w3.org/2001/XMLSchema-instance"
    xsi:schemaLocation="http://www.loc.gov/MARC21/slim http://www.loc.gov/standards/marcxml/schema/MARC21slim.xsd"
    xmlns="http://www.loc.gov/MARC21/slim">

  <leader>03358nam a2200217 i 4500</leader>
  <controlfield tag="005">20250218100552.0</controlfield>
  <controlfield tag="008">250124b2016    dr ad||fdt|||o001 0cspa  </controlfield>
  <datafield tag="020" ind1=" " ind2=" ">
    <subfield code="a">2518-0657</subfield>
  </datafield>
  <datafield tag="040" ind1=" " ind2=" ">
    <subfield code="a">DO003</subfield>
    <subfield code="c">DO003</subfield>
    <subfield code="e">rda</subfield>
  </datafield>
  <datafield tag="082" ind1="0" ind2="4">
    <subfield code="a">027.4 7293/B582c</subfield>
    <subfield code="2">21</subfield>
  </datafield>
  <datafield tag="110" ind1=" " ind2=" ">
    <subfield code="a">Biblioteca Nacional Pedro Henr&#xED;quez Ure&#xF1;a</subfield>
  </datafield>
  <datafield tag="245" ind1=" " ind2=" ">
    <subfield code="a">2D0. censo de bibliotecas </subfield>
    <subfield code="b">Estudio sobre las Bibliotecas Dominicanas 2009-2011 : Informe General : </subfield>
    <subfield code="c">Coodinadores : Yumarys Altagracia Polanco-Almonte ; C&#xE9;lida &#xC1;lvarez Armenteros ; Dagoberto Ortiz</subfield>
  </datafield>
  <datafield tag="260" ind1=" " ind2=" ">
    <subfield code="a">Santo Domingo:</subfield>
    <subfield code="b">Biblioteca Nacional Pedro Henr&#xED;quez Ure&#xF1;a, </subfield>
    <subfield code="c">2016</subfield>
  </datafield>
  <datafield tag="300" ind1=" " ind2=" ">
    <subfield code="a">414p.</subfield>
  </datafield>
  <datafield tag="505" ind1=" " ind2=" ">
    <subfield code="a">Palabras Del Director. 23 -Resumen.25 - Lista De Abreviaturas...27
Presentaci&#xF3;n.33- Cap&#xED;tulo I. Contextualizaci&#xF3;n De La Investigaci&#xF3;n. 37- . A. Introducci&#xF3;n. 37 - B. Declaraci&#xF3;n Del Problema. 38- C. Definiciones De T&#xE9;rminos Y Conceptos. .39- D. Trasfondo Y Contexto...41 - D.1. Historia De Las Bibliotecas Dominicanas.43- D.2. Normativa Bibliotecaria Dominicana. 47- D.3. Legislaci&#xF3;n Reciente: Ley No. 41-00 Y Ley No. 502-08&#x2026;50 - D.4. Instituciones Y Quehacer Bibliotecario En La Rep&#xFA;blica Dominicana. 53 - E. Marco De Referencia.55 - F. Justificaci&#xF3;n Y Relevancia.60 -  F1. Justificaci&#xF3;n. 60 -  G. Objetivos De La Investigaci&#xF3;n. 62 
G.1. Objetivos Generales...62 - G.2. Objetivos Espec&#xED;ficos. 62 - H. Preguntas De Investigaci&#xF3;n. 63 - I. An&#xE1;lisis De Variables.64 - J. Limitaciones. 66-  
K. Viabilidad. 68 - Cap&#xED;tulo Ii. Revisi&#xF3;n Y An&#xE1;lisis De La Literatura.69
Cap&#xED;tulo Iii. Dise&#xF1;o De La Investigaci&#xF3;n.79 - A. Metodolog&#xED;a Y T&#xE9;cnicas Utilizadas. 79- B. Identificacion Y Descripci&#xF3;n De Los Sujetos, La Poblaci&#xF3;n. 80 -B1. Precenso. 80 - R2. Censo. 81- R.3. En Ambas Etapas.83 - 
C- Elaboraci&#xF3;n Y Prueba De Los Instrumentos. 83 - Cl. Cuestionarios. 86 - 
C2. Lista De Preguntas Gu&#xED;as Para Moderar Las Sesiones De Grupos Focales.98-
C.3. Registro De Libros Revisados Por Biblioteca Para Determinar Su Actualidad...100 - D. Administraci&#xF3;n De Los Instrumentos Y Recopilaci&#xF3;n De Los Datos.101 D.1. Cuestionario Del Precenso. 101- D.2. Cuestionario Del Censo. 104 - D.3. Lista De Preguntas Gu&#xED;as Para Moderar Las Sesiones De Grupos
Focales.110 - D.4. Formulario Para Inventario De Las Colecciones. 116 &#x2013; 
E. Materiales, Equipos Requeridos Y Presupuesto. 120 - 
Cap&#xED;tulo Iv. Descripci&#xF3;n, An&#xE1;lisis Y Presentaci&#xF3;n De Los Resultados. 123 - A. Presentaci&#xF3;n De Los Resultados. 125 - A.1. Precenso. 125 - 
A.1.1. Bibliotecas Escolares. 126 - A.1.2. Bibliotecas P&#xFA;blicas. 136 - 
A.1.3. Bibliotecas Especializadas. 146 - A.1.4. Bibliotecas De Instituciones De Ense&#xF1;anza Superior. 152 - A.2. Censo. 159 - A.2.1. Resultados Del Cuestionario En Tablas. .160 - A.2.2. Inventario De Colecciones. 219 - A.2.3. Grupo Focal. 220 - 
B. An&#xE1;lisis De Los Resultados. 220 - B.1. Cuadros. 273 - B.2. Gr&#xE1;ficos. 274- 
B.3. Estudio Comparativo De Normas Internacionales. 283 - 
Cap&#xED;tulo V. Conclusiones, E Implicaciones, Recomenda- Jones Y Sugerencias.  287- A. Conclusiones. 287- B. Recomendaciones Y Sugerencias. 294


</subfield>
  </datafield>
  <datafield tag="650" ind1=" " ind2=" ">
    <subfield code="a">1-Censo  bibliotecas publica Rep&#xFA;blica Dominicana 2-politicas educativas </subfield>
  </datafield>
  <datafield tag="700" ind1=" " ind2=" ">
    <subfield code="a">Coodinadores : Yumarys Altagracia Polanco</subfield>
    <subfield code="d">1979</subfield>
  </datafield>
  <datafield tag="700" ind1=" " ind2=" ">
    <subfield code="a">-Almonte ; C&#xE9;lida &#xC1;lvarez Armenteros</subfield>
  </datafield>
  <datafield tag="700" ind1=" " ind2=" ">
    <subfield code="a"> Dagoberto Ortiz</subfield>
  </datafield>
  <datafield tag="942" ind1=" " ind2=" ">
    <subfield code="2">ddc</subfield>
    <subfield code="c">LIB</subfield>
    <subfield code="n">0</subfield>
    <subfield code="e">2da.</subfield>
  </datafield>
  <datafield tag="999" ind1=" " ind2=" ">
    <subfield code="c">12484</subfield>
    <subfield code="d">12484</subfield>
  </datafield>
  <datafield tag="952" ind1=" " ind2=" ">
    <subfield code="0">0</subfield>
    <subfield code="1">0</subfield>
    <subfield code="2">ddc</subfield>
    <subfield code="4">0</subfield>
    <subfield code="7">0</subfield>
    <subfield code="a">IDEICE</subfield>
    <subfield code="b">IDEICE</subfield>
    <subfield code="d">2025-01-24</subfield>
    <subfield code="l">0</subfield>
    <subfield code="o">027.4 7293/B582c</subfield>
    <subfield code="r">2025-01-24 16:12:56</subfield>
    <subfield code="w">2025-01-24</subfield>
    <subfield code="y">LIB</subfield>
  </datafield>
</record>
